00911 a2200169 450000500170000000800410001704000250005804100080008304400070009124502010009826000640029930000330036350000270039665000440042365000650046777302090053220150122151613.0150122b2000 ck ||||| |a||ar | 0 spa d aCO-BoIAVHcCO-BoIAVH aspa ack00aMapa del Estado de Boyacá, antigua Provincia de Casanare:bViaje de la Comisión Corográfica por el territorio de Casanare 1856, obra dirigida por Agustín Codazzih[material cartográfico] aBogotá:bInstituto Geográfico Agustín Codazzi,c2000. a1 pliegobcol.c80 x 340 cm. aMaterial acompañante aBoyacávmapaxgeografía histórica aAntigua provincia de Casanarevmapaxgeografía histórica0 aDomínguez Ossa, Camilo A.dBogotá, COAMA, Unión̤ Europea, Fondo FEN, Instituto Geográfico Agustín Codazzi, 2000.z9589663362tGeografía física y política de la Confederación Granadina: